| 000 | 01311nam a22002297a 4500 | ||
|---|---|---|---|
| 005 | 20101220152832.0 | ||
| 010 | _aB-421998 | ||
| 020 |
_a9788127267216 _c350.00 |
||
| 035 | _aB-421998 | ||
| 037 | _aयू.बी.एच. / वितरक | ||
| 082 | _a658.1511 | ||
| 100 |
_aवर्मा, जी.डी _925230 |
||
| 245 |
_aप्रबन्धकीय निर्णय हेतु लेखांकन / _cजी. डी. वर्मा, शशि के. गुप्ता एवं आर.के. शर्मा |
||
| 246 |
_aPrabandhkiya nitnay hetu lekhankan _bby G.D.Verma,Shashi K. Gupta and R.K. Sharma |
||
| 260 |
_bकल्याणी पब्लिशर्स _c2011 (पु.मु.) _aलुधियाना |
||
| 300 |
_aवि.पृ. _b24 सेमी(अजिल्द) |
||
| 700 |
_aगुप्ता, शशि के. _924988 |
||
| 700 |
_aशर्मा, आर.के. _924989 |
||
| 942 |
_2ddc _cHN _h658.1511 _mवर्माजी |
||
| 999 |
_c49333 _d49333 |
||